| 000 | 00847nam a2200241Ia 4500 | ||
|---|---|---|---|
| 001 | dia_4373 | ||
| 003 | CHAP | ||
| 005 | 20251014153239.0 | ||
| 008 | 220601s9999 xx 000 0 und d | ||
| 040 |
_amxchpua _erda |
||
| 090 | _aFOLLETO 2279 | ||
| 100 |
_aSistema nacional para el abasto. México _9147856 |
||
| 245 | _aDiagnóstico para la instalación de centros de acopio; Morelos frutas y hortalizas / Sistema nacional para el abasto. México | ||
| 260 | _aMéxico : Sistema nacional para el abasto | ||
| 300 | _aS.p. | ||
| 500 | _aS/c | ||
| 650 |
_a1. Frutas y hortalizas-Morelos-Estadísticas _9176048 |
||
| 700 |
_aSecretaría de agricultura y recursos hidráulicos. MéxicoÌ _9175813 |
||
| 901 | _aFOLLETO 2279 | ||
| 902 | _aM | ||
| 905 | _a0000001984 mx 0000000000spa00 | ||
| 942 |
_cFOLL _2local |
||
| 999 |
_c209496 _d209496 |
||